|
|
|
|
| LEADER |
00000nam0a2200000 4500 |
| 001 |
125116 |
| 005 |
20231031131229.0 |
| 010 |
|
|
|a 5256007483
|
| 020 |
|
|
|a RU
|b 90-32423
|
| 035 |
|
|
|a (RuTPU)RU\TPU\book\135391
|
| 090 |
|
|
|a 125116
|
| 100 |
|
|
|a 20071110d1990 k a0rusy5003 ca
|
| 101 |
0 |
|
|a rus
|
| 102 |
|
|
|a RU
|
| 105 |
|
|
|a a z 001zy
|
| 200 |
1 |
|
|a Комбинаторные аппаратные модели и алгоритмы в САПР
|f В. М. Курейчик, В. М. Глушань, Л. И. Щербаков
|
| 210 |
|
|
|a Москва
|c Радио и связь
|d 1990
|
| 215 |
|
|
|a 214,[1] с.
|c ил.
|
| 320 |
|
|
|a Список литературы: с. 206-213.
|
| 610 |
1 |
|
|a комбинаторные аппаратные модели
|
| 610 |
1 |
|
|a алгоритмы
|
| 610 |
1 |
|
|a САПР
|
| 610 |
1 |
|
|a проектные процедуры
|
| 610 |
1 |
|
|a автоматизированное конструирование
|
| 610 |
1 |
|
|a метрические задачи
|
| 610 |
1 |
|
|a топологические задачи
|
| 610 |
1 |
|
|a электронные схемы
|
| 610 |
1 |
|
|a устройства
|
| 675 |
|
|
|a 658.512.2
|v 3
|
| 700 |
|
1 |
|a Курейчик
|b В. М.
|g Виктор Михайлович
|
| 701 |
|
1 |
|a Глушань
|b В. М.
|g Валентин Михайлович
|
| 701 |
|
1 |
|a Щербаков
|b Л. И.
|g Леонид Иванович
|
| 801 |
|
0 |
|a RU
|b RuMRKP
|c 19950417
|g psbo
|
| 801 |
|
1 |
|a RU
|b 63413507
|c 20071110
|g PSBO
|
| 801 |
|
2 |
|a RU
|b 63413507
|c 20101116
|g PSBO
|
| 942 |
|
|
|c BK
|